| 000 | 004850000a22001570004500 | ||
|---|---|---|---|
| 003 | MACL | ||
| 005 | 20170920122332.0 | ||
| 008 | 170920b xxu||||| |||| 00| 0 eng d | ||
| 040 | _cmacl | ||
| 100 |
_aडॉ .अमरेश _967563 |
||
| 245 | _aमिटटी परीक्षण सिंचाई बीज और खाद | ||
| 260 |
_bअमरेश प्रकाशन _c2007 |
||
| 350 | _a25 | ||
| 650 |
_aबाल कक्ष _969170 |
||
| 942 |
_cHIN _k741.642 _2ddc |
||
| 999 |
_c11441 _d11441 |
||